| 000 | 00494nam a2200181Ia 4500 | ||
|---|---|---|---|
| 001 | 43875 | ||
| 008 | 140425s9999 xx 000 0 und d | ||
| 020 | _aNA | ||
| 040 | _cPK-LaUMT | ||
| 082 |
_aRHC 332.642 _bMOH-E |
||
| 100 | _aMohibul Haq Sahibzada | ||
| 245 |
_aEmerging role of stock markets in Pakistan economy _cMohibul Haq Sahibzada |
||
| 260 |
_aIslamabad,Pakistan: _bInstitute of Policy Studies, _c1995 |
||
| 300 | _a87 p. | ||
| 546 | _aEN | ||
| 650 | _aStock market | ||
| 942 | _cBK | ||
| 999 |
_c41875 _d41875 |
||